BIBLIOTECA PODER JUDICIAL
Portal Judicial TDF

Delegación legislativa en el Poder Ejecutivo : (Registro nro. 6162)

000 -LEADER
fixed length control field 01278nabaa22002657a 4500
003 - CONTROL NUMBER IDENTIFIER
control field OSt
005 - DATE AND TIME OF LATEST TRANSACTION
control field 20260123204144.0
008 - FIXED-LENGTH DATA ELEMENTS--GENERAL INFORMATION
fixed length control field 190701b xxu||||| |||| 00| 0 spa d
040 ## - CATALOGING SOURCE
Transcribing agency PJ
100 ## - MAIN ENTRY--PERSONAL NAME
9 (RLIN) 6907
Personal name Castro Videla, Santiago M.
245 10 - TITLE STATEMENT
Title Delegación legislativa en el Poder Ejecutivo :
Statement of responsibility, etc apuntes sobre las exigencias de validez de los reglamentos delegados /
Remainder of title Santiago M. Castro Videla, Santiago Maqueda Fourcade.
300 ## - PHYSICAL DESCRIPTION
Extent p. 18-69
500 ## - GENERAL NOTE
General note Cita: TR LALEY AR/DOC/444/2024
505 ## - FORMATTED CONTENTS NOTE
Formatted contents note Sumario: I. Introducción.— II. Preliminar: origen, evolución y estado actual del régimen constitucional de la delegación legislativa.— III. Régimen constitucional del reglamento delegado.
505 ## - FORMATTED CONTENTS NOTE
Title ¿Te interesa el texto completo? Comunicate al correo: koha@justierradelfuego.gov.ar
650 #0 - SUBJECT ADDED ENTRY--TOPICAL TERM
9 (RLIN) 211
Topical term or geographic name as entry element DERECHO ADMINISTRATIVO
650 #0 - SUBJECT ADDED ENTRY--TOPICAL TERM
9 (RLIN) 186
Topical term or geographic name as entry element PODER LEGISLATIVO
650 #0 - SUBJECT ADDED ENTRY--TOPICAL TERM
9 (RLIN) 1282
Topical term or geographic name as entry element FACULTADES DEL PODER LEGISLATIVO
650 #0 - SUBJECT ADDED ENTRY--TOPICAL TERM
9 (RLIN) 761
Topical term or geographic name as entry element PODER EJECUTIVO
650 #0 - SUBJECT ADDED ENTRY--TOPICAL TERM
9 (RLIN) 2053
Topical term or geographic name as entry element FACULTADES DEL PODER EJECUTIVO
650 #0 - SUBJECT ADDED ENTRY--TOPICAL TERM
9 (RLIN) 187
Topical term or geographic name as entry element DELEGACION LEGISLATIVA
700 ## - ADDED ENTRY--PERSONAL NAME
9 (RLIN) 6908
Personal name Maqueda Fourcade, Santiago
773 0# - HOST ITEM ENTRY
Host Biblionumber 2842
Host Itemnumber 3251
Place, publisher, and date of publication Buenos Aires : AbeledoPerrot, 2012-
Other item identifier DA121
Title Derecho administrativo. Nº 152 marzo/abril 2024
International Standard Book Number 18510590
942 ## - ADDED ENTRY ELEMENTS (KOHA)
Source of classification or shelving scheme
Koha item type Analítica Artículo de Revista

No hay ítems disponibles.

12 de Octubre 789 Ushuaia - Tel:  54(02901)441571
Horario de Atención: 8.00 a 17.00 hs. 
bibliotecaush@justierradelfuego.gov.ar
koha@justierradelfuego.gov.ar
Seguinos en nuestras redes @bibliojustdf 

Con tecnología Koha